| 000 | 00393nam a22001577a 4500 | ||
|---|---|---|---|
| 003 | OSt | ||
| 008 | 241029b |||||||| |||| 00| 0 eng d | ||
| 020 | _a9781439834497 | ||
| 082 |
_a621.47 _bNEL/IN |
||
| 100 |
_aNelson, Vaughn _9208 |
||
| 245 | _aIntroduction to Renewable Energy | ||
| 260 |
_aLondon _bCRC Press _c2011 |
||
| 300 | _a384 | ||
| 490 | _aEnergy And The Environment | ||
| 942 | _cBK | ||
| 999 |
_c14171 _d14171 |
||